000 00952nam a2200265Ia 4500
003 OSt
005 20221005111321.0
006 a|||||r|||| 00| 0
007 ta
008 221004b |||||||| |||| 00| 0 hin d
020 _a9789387409804 (hbk)
_cINR 499.00
024 _a44924
037 _bGV793, 21/02/2019, Vani Prakashan
_cTextual
040 _aCRL
_cCRL
_bhin
041 _2hin
_ahin
082 _aV2v, 152Q7
100 _aथापर, रोमिला, ले.
245 0 _aभारत में पब्लिक इंटैलैक्चुअल
246 _aBhārat mean pablik ianṭailaikchuala
260 _aनई दिल्ली
_bवाणी प्रकाशन भारत
_c2017
300 _a160पृ0
_ccm.
650 _aइतिहास
942 _hV2v, 152Q7
_cTEXL
_2cc
999 _c1021482
_d1021482